[Event "Junior Online 4NCL Division 2"]
[Site "online"]
[Date "2020.10.01"]
[Round "4.132"]
[White "Barton, Ben"]
[Black "Evans, Ruben"]
[Result "1-0"]
[WhiteElo "1442"]
[BlackElo "1750"]
[PlyCount "113"]
[EventDate "2020.10.01"]
[WhiteTeam "KJCA Young Kestrels E"]
[BlackTeam "Rovers United"]

1. e4 e6 2. Nf3 d5 3. e5 c5 4. b4 cxb4 5. a3 bxa3 6. Bxa3 Bxa3 7. Nxa3 a6 8.
Be2 Ne7 9. O-O O-O 10. d4 Nbc6 11. c4 Nf5 12. cxd5 exd5 13. Nb5 Be6 14. Nc3 f6
15. Qb3 Rb8 16. Rfd1 fxe5 17. dxe5 Nfe7 18. Ng5 Bf7 19. Nxf7 Rxf7 20. Nxd5 Nxd5
21. Bc4 Ncb4 22. Bxd5 Nxd5 23. Qxd5 Qxd5 24. Rxd5 Re8 25. Re1 Rf5 26. g3 g5 27.
Kg2 Kf7 28. Rd7+ Re7 29. Rxe7+ Kxe7 30. g4 Rf4 31. Kg3 b5 32. h4 h6 33. Ra1 Ra4
34. Rd1 Ra3+ 35. f3 gxh4+ 36. Kxh4 Rxf3 37. Rd6 b4 38. Rxa6 b3 39. Rxh6 Rf2 40.
Rb6 b2 41. Kg5 Kd7 42. Kg6 Kc7 43. Rb3 Kc6 44. g5 Kd5 45. Rb5+ Ke6 46. Kh7 Rh2+
47. Kg7 Rg2 48. g6 Kf5 49. Kf7 Rc2 50. g7 Rc7+ 51. Kg8 Kg6 52. Rb6+ Kf5 53. Kh8
Rc2 54. g8=Q Rh2+ 55. Qh7+ Rxh7+ 56. Kxh7 b1=Q 57. Rxb1 1-0

[Event "Junior Online 4NCL Division 2"]
[Site "online"]
[Date "2020.10.01"]
[Round "4.134"]
[White "Gaekwad, Ankit"]
[Black "Cooper, Dylan E"]
[Result "0-1"]
[WhiteElo "1517"]
[BlackElo "1300"]
[PlyCount "34"]
[EventDate "2020.10.01"]
[WhiteTeam "KJCA Young Kestrels E"]
[BlackTeam "Rovers United"]

1. d4 Nf6 2. Bf4 g6 3. e3 Bg7 4. Nf3 O-O 5. c3 d6 6. Nbd2 Nbd7 7. h3 b6 8. Be2
Bb7 9. O-O Re8 10. Nb3 e5 11. Bh2 e4 12. Nfd2 a5 13. a4 Nd5 14. Re1 f5 15. f3
Nxe3 16. Qc1 Qg5 17. Bf1 exf3 0-1

[Event "Junior Online 4NCL Division 2"]
[Site "online"]
[Date "2020.10.01"]
[Round "4.135"]
[White "Nguyen, Ryan"]
[Black "Hirst, Joe"]
[Result "0-1"]
[WhiteElo "1540"]
[BlackElo "1900"]
[PlyCount "116"]
[EventDate "2020.10.01"]
[WhiteTeam "KJCA Young Kestrels E"]
[BlackTeam "Rovers United"]

1. e4 d6 2. d4 Nf6 3. Nc3 Nbd7 4. Bc4 e5 5. Nf3 Be7 6. O-O c6 7. dxe5 dxe5 8.
Be3 b5 9. Be2 b4 10. Nb1 Nxe4 11. Bd3 Nef6 12. Ng5 h6 13. Ne4 O-O 14. c3 a5 15.
cxb4 axb4 16. Qb3 Bb7 17. Nxf6+ Nxf6 18. Rd1 Qa5 19. Bc4 Bc5 20. Bxc5 Qxc5 21.
Nd2 Qb6 22. Nf3 e4 23. Nd4 Ba6 24. Nc2 Bxc4 25. Qxc4 c5 26. b3 Rfd8 27. Ne3
Rxd1+ 28. Nxd1 Rd8 29. Ne3 Rd4 30. Qc2 Qd6 31. Rd1 Rxd1+ 32. Qxd1 Qxd1+ 33.
Nxd1 Kf8 34. Kf1 Ke7 35. Ke2 Kd6 36. Ne3 g6 37. Nc4+ Kd5 38. Ke3 Ng4+ 39. Ke2
f5 40. h3 Ne5 41. Ne3+ Kd4 42. Kd2 Nd3 43. Nc2+ Ke5 44. g3 Nxf2 45. h4 Nh1 46.
Ke3 Nxg3 47. Ne1 f4+ 48. Kf2 Nf5 49. Ng2 f3 50. Ne3 Nxe3 51. Kxe3 g5 52. hxg5
hxg5 53. Kf2 Kf4 54. Kf1 e3 55. Ke1 f2+ 56. Ke2 g4 57. Kf1 Kf3 58. a4 e2# 0-1

[Event "Junior Online 4NCL Division 2"]
[Site "online"]
[Date "2020.10.01"]
[Round "4.136"]
[White "Evans, Ruben"]
[Black "Barton, Ben"]
[Result "1-0"]
[WhiteElo "1750"]
[BlackElo "1442"]
[PlyCount "57"]
[EventDate "2020.10.01"]
[WhiteTeam "Rovers United"]
[BlackTeam "KJCA Young Kestrels E"]

1. d4 c5 2. d5 e6 3. c4 Nf6 4. Nc3 exd5 5. cxd5 d6 6. e4 Nbd7 7. f4 Nb6 8. Nf3
Bg4 9. Bb5+ Nbd7 10. O-O a6 11. Bxd7+ Qxd7 12. e5 Bxf3 13. Qxf3 dxe5 14. fxe5
Ng4 15. Bf4 c4 16. Ne4 b5 17. h3 Qa7+ 18. Kh1 Nh6 19. Be3 Qd7 20. Bxh6 O-O-O
21. Bg5 Re8 22. Qxf7 Qxf7 23. Rxf7 Rxe5 24. Raf1 Bb4 25. d6 Rxe4 26. d7+ Kc7
27. d8=Q+ Kc6 28. R1f6+ Kc5 29. Qd6# 1-0

[Event "Junior Online 4NCL Division 2"]
[Site "online"]
[Date "2020.10.01"]
[Round "4.138"]
[White "Cooper, Dylan E"]
[Black "Gaekwad, Ankit"]
[Result "0-1"]
[WhiteElo "1300"]
[BlackElo "1517"]
[PlyCount "54"]
[EventDate "2020.10.01"]
[WhiteTeam "Rovers United"]
[BlackTeam "KJCA Young Kestrels E"]

1. d4 Nf6 2. Bg5 g6 3. Bxf6 exf6 4. e4 d6 5. Bd3 Be7 6. Nf3 Nd7 7. O-O Nb6 8.
a4 a5 9. d5 O-O 10. c4 Nd7 11. Na3 Ne5 12. Nxe5 fxe5 13. f4 exf4 14. Rxf4 Bg5
15. Rf1 Be3+ 16. Kh1 Qh4 17. Qf3 Bc5 18. Nb5 c6 19. Nc7 Ra7 20. Ne8 cxd5 21.
exd5 b6 22. Nf6+ Kh8 23. g3 Qh6 24. Rae1 Bh3 25. Ng4 Qg7 26. Rf2 Bxg4 27. Qxf7
Raxf7 0-1

[Event "Junior Online 4NCL Division 2"]
[Site "online"]
[Date "2020.10.01"]
[Round "4.141"]
[White "Wang, Xiaorui"]
[Black "Munshi, Aryan"]
[Result "0-1"]
[WhiteElo "1262"]
[BlackElo "1403"]
[PlyCount "166"]
[EventDate "2020.10.01"]
[WhiteTeam "SASCA Sharks"]
[BlackTeam "Phones Juniors A"]

1. e4 e5 2. Bc4 Nc6 3. Nc3 Nf6 4. Nf3 Bc5 5. d3 d6 6. O-O O-O 7. Qe2 Be6 8. Be3
Bb6 9. Bxe6 fxe6 10. Rad1 Qe8 11. h3 Nh5 12. d4 exd4 13. Nxd4 Nxd4 14. Bxd4 e5
15. Bxb6 axb6 16. Nd5 Rc8 17. Qg4 Nf4 18. c4 Nxd5 19. exd5 Rf4 20. Qe2 Qf7 21.
b3 Rf8 22. Rd2 Qf5 23. Re1 Rf6 24. g3 Rf3 25. Kg2 Rc3 26. Rf1 Qf3+ 27. Qxf3
Rcxf3 28. h4 Kf7 29. Re2 Ke7 30. Re3 R3f5 31. Re4 Kd7 32. g4 Rf4 33. Rxf4 Rxf4
34. Kg3 Rd4 35. Ra1 c6 36. dxc6+ bxc6 37. Kf3 Rd3+ 38. Ke2 Rd4 39. Ke3 Rxg4 40.
Rh1 Ke6 41. Kf3 Rg6 42. h5 Rf6+ 43. Kg4 h6 44. Rf1 Rf4+ 45. Kg3 d5 46. cxd5+
cxd5 47. Rc1 Kd7 48. a4 Rf5 49. b4 Rxh5 50. Ra1 Rg5+ 51. Kf3 Rf5+ 52. Ke2 Rf8
53. a5 bxa5 54. bxa5 Ra8 55. Kd3 Kd6 56. Ke3 Ra6 57. f4 e4 58. Kf2 g6 59. Kg3
d4 60. Ra4 Kd5 61. Kg4 d3 62. f5 gxf5+ 63. Kxf5 d2 64. Ra1 Kd4 65. Rd1 Kd3 66.
Ra1 Ke2 67. Kxe4 d1=Q 68. Rxd1 Kxd1 69. Kf4 Rxa5 70. Kg4 h5+ 71. Kh4 Ke2 72.
Kh3 Ra4 73. Kg3 Ke3 74. Kh3 h4 75. Kh2 Kf2 76. Kh3 Kf3 77. Kh2 Rg4 78. Kh3 Rg3+
79. Kh2 h3 80. Kh1 Rg8 81. Kh2 Kf2 82. Kh1 h2 83. Kxh2 Rh8# 0-1

[Event "Junior Online 4NCL Division 2"]
[Site "online"]
[Date "2020.10.01"]
[Round "4.142"]
[White "Vadalia, Jainill"]
[Black "Harper, Luke"]
[Result "1-0"]
[WhiteElo "1140"]
[BlackElo "1225"]
[PlyCount "79"]
[EventDate "2020.10.01"]
[WhiteTeam "Phones Juniors A"]
[BlackTeam "SASCA Sharks"]

1. d4 d5 2. c4 dxc4 3. e3 Nf6 4. Bxc4 e6 5. Nf3 Bb4+ 6. Bd2 Bxd2+ 7. Qxd2 O-O
8. Nc3 Nc6 9. O-O Re8 10. Rfd1 e5 11. dxe5 Qxd2 12. Rxd2 Nd7 13. Rad1 Ndxe5 14.
Nxe5 Nxe5 15. Bb3 g6 16. Nd5 Rd8 17. Nf6+ Kg7 18. Rxd8 Kxf6 19. Rf8 Ke7 20.
Rdd8 Nc6 21. Rxc8 Rxc8 22. Rxc8 Kd7 23. Rh8 Nb4 24. Rxh7 Kd6 25. Rxf7 Na6 26.
Rf6+ Kd7 27. Rxg6 Nc5 28. h4 Ke7 29. Rg7+ Kd6 30. h5 Ke5 31. h6 Kf6 32. Rg3 Ne4
33. h7 Nxg3 34. h8=Q+ Kg5 35. fxg3 Kg4 36. Qh4+ Kf5 37. Qf4+ Kg6 38. Be6 Kh7
39. Qg5 Kh8 40. Qg8# 1-0

[Event "Junior Online 4NCL Division 2"]
[Site "online"]
[Date "2020.10.01"]
[Round "4.143"]
[White "Pennington, Jonathan"]
[Black "Suyal, Nivedita"]
[Result "0-1"]
[WhiteElo "1075"]
[BlackElo "1072"]
[PlyCount "76"]
[EventDate "2020.10.01"]
[WhiteTeam "SASCA Sharks"]
[BlackTeam "Phones Juniors A"]

1. d4 d5 2. c4 dxc4 3. Bf4 Nf6 4. e3 Bf5 5. Nc3 e6 6. Bxc4 a6 7. Nf3 Nc6 8. O-O
Bg4 9. h3 Bh5 10. Ne5 Bxd1 11. Raxd1 Bb4 12. d5 exd5 13. Nxd5 Nxd5 14. Bxd5 Qf6
15. Nxf7 Rf8 16. Bxc7 Rxf7 17. Bxf7+ Qxf7 18. Bb6 Qg6 19. Rd5 Ne7 20. Rd4 Qxb6
21. Rfd1 Bc5 22. Rd7 Qxb2 23. a4 Bb6 24. h4 Rd8 25. Rxd8+ Bxd8 26. e4 Qc2 27.
Re1 Ba5 28. Rf1 Qxa4 29. e5 Bb6 30. h5 Qe4 31. g3 Qxe5 32. g4 Qg5 33. Kg2 Qxg4+
34. Kh1 Qxh5+ 35. Kg1 Nf5 36. Kg2 Qg4+ 37. Kh1 Nh4 38. Rg1 Qh3# 0-1

[Event "Junior Online 4NCL Division 2"]
[Site "online"]
[Date "2020.10.01"]
[Round "4.144"]
[White "Lukhi, Neev"]
[Black "Dewis, Oliver"]
[Result "1-0"]
[WhiteElo "1003"]
[BlackElo "1075"]
[PlyCount "31"]
[EventDate "2020.10.01"]
[WhiteTeam "Phones Juniors A"]
[BlackTeam "SASCA Sharks"]

1. d4 d5 2. Bf4 e6 3. Nf3 c5 4. e3 Bd6 5. Bg3 Nf6 6. c3 O-O 7. Nbd2 Ne4 8. dxc5
Bxc5 9. Bd3 Nxg3 10. hxg3 Bd7 11. Bxh7+ Kh8 12. Ke2 Bb5+ 13. Bd3+ Kg8 14. Rh8+
Kxh8 15. Qh1+ Kg8 16. Qh7# 1-0

[Event "Junior Online 4NCL Division 2"]
[Site "online"]
[Date "2020.10.01"]
[Round "4.145"]
[White "Munshi, Aryan"]
[Black "Wang, Xiaorui"]
[Result "1-0"]
[WhiteElo "1403"]
[BlackElo "1262"]
[PlyCount "53"]
[EventDate "2020.10.01"]
[WhiteTeam "Phones Juniors A"]
[BlackTeam "SASCA Sharks"]

1. d4 Nc6 2. c4 e5 3. d5 Nb4 4. a3 Na6 5. Nc3 b6 6. e3 c5 7. dxc6 dxc6 8. Qxd8+
Kxd8 9. Nf3 Bb7 10. Nxe5 Ke8 11. b4 c5 12. b5 Nc7 13. Bb2 Nf6 14. Nf3 Bd6 15.
Be2 Ke7 16. O-O-O Rhe8 17. h3 Kf8 18. Rxd6 Kg8 19. Rd2 Rf8 20. Rhd1 Rae8 21.
Bd3 Ne6 22. Ne2 Bc8 23. Bxf6 gxf6 24. Nc3 Ng7 25. Nd5 Bf5 26. Bxf5 Nxf5 27.
Nxf6+ 1-0

[Event "Junior Online 4NCL Division 2"]
[Site "online"]
[Date "2020.10.01"]
[Round "4.146"]
[White "Harper, Luke"]
[Black "Vadalia, Jainill"]
[Result "1-0"]
[WhiteElo "1225"]
[BlackElo "1140"]
[PlyCount "167"]
[EventDate "2020.10.01"]
[WhiteTeam "SASCA Sharks"]
[BlackTeam "Phones Juniors A"]

1. d4 Nf6 2. c4 e6 3. Nc3 Bb4 4. a3 Bxc3+ 5. bxc3 d5 6. cxd5 exd5 7. e3 Bf5 8.
Nf3 Nbd7 9. Be2 c6 10. a4 Ne4 11. Bd3 Nxc3 12. Qd2 Bxd3 13. Qxd3 Ne4 14. O-O
Ndf6 15. Ba3 Nd6 16. Ne5 O-O 17. Qc3 Nde4 18. Qb2 Re8 19. Qxb7 Qc8 20. Qxc6
Qxc6 21. Nxc6 Rec8 22. Ne7+ Kf8 23. Nxc8+ Ke8 24. Nd6+ Nxd6 25. Bxd6 Ne4 26.
Ba3 Nd2 27. Rfd1 Nc4 28. Bc5 a5 29. Ra2 Rb8 30. Ba7 Rb7 31. Bc5 g6 32. Re1 f5
33. f3 Kd7 34. e4 dxe4 35. fxe4 fxe4 36. Rxe4 Rb1+ 37. Kf2 Kc6 38. Re6+ Kd5 39.
Rd6+ Nxd6 40. Bxd6 Kxd6 41. Ra3 Kd5 42. Ke3 Rd1 43. Rd3 Ra1 44. Rc3 Rxa4 45.
Rc5+ Kd6 46. Ke4 Rb4 47. Rxa5 Rb2 48. Kf3 Rd2 49. Ke3 Rxg2 50. Ke4 Rxh2 51.
Ra6+ Kd7 52. Ke5 Re2+ 53. Kf6 Re4 54. d5 Re7 55. Rb6 Re1 56. Ra6 Rd1 57. Ke5
Re1+ 58. Kf6 Rf1+ 59. Ke5 Rf5+ 60. Kd4 Ke7 61. Re6+ Kd7 62. Ra6 Ke7 63. Kc5 Kd7
64. Ra7+ Kc8 65. Kc6 Kb8 66. Rxh7 Rf6+ 67. d6 g5 68. Rh8+ Ka7 69. Kc7 g4 70. d7
Rf7 71. Rh1 Ka6 72. Kc6 Rf6+ 73. Kc7 Rf7 74. Rg1 Rg7 75. Kc6 Rg6+ 76. Kc7 Rg7
77. Kc8 Kb5 78. d8=Q Ra7 79. Rxg4 Ra8+ 80. Kc7 Rxd8 81. Kxd8 Ka6 82. Kd7 Ka5
83. Kc6 Ka6 84. Ra4# 1-0

[Event "Junior Online 4NCL Division 2"]
[Site "online"]
[Date "2020.10.01"]
[Round "4.147"]
[White "Suyal, Nivedita"]
[Black "Pennington, Jonathan"]
[Result "1-0"]
[WhiteElo "1072"]
[BlackElo "1075"]
[PlyCount "125"]
[EventDate "2020.10.01"]
[WhiteTeam "Phones Juniors A"]
[BlackTeam "SASCA Sharks"]

1. e4 e5 2. Nf3 Nc6 3. Bc4 Bb4 4. a3 Ba5 5. Nc3 Nf6 6. O-O d6 7. h3 Nd4 8. d3
Bxc3 9. bxc3 Nxf3+ 10. Qxf3 O-O 11. Bg5 h6 12. Bh4 g5 13. Bg3 Bd7 14. d4 exd4
15. cxd4 c5 16. e5 dxe5 17. Bxe5 Nh7 18. dxc5 Bc6 19. Qh5 Qe7 20. Bb2 Qe4 21.
Qg4 Qxc2 22. Qe2 Qxe2 23. Bxe2 Nf6 24. Bxf6 Be4 25. h4 gxh4 26. Bxh4 Rae8 27.
Bb5 Re5 28. Rac1 a6 29. Bc4 Rxc5 30. Bxf7+ Rxf7 31. Rxc5 b6 32. Rc8+ Kg7 33.
Re1 Bb7 34. Rcc1 a5 35. Re7 Bd5 36. Rxf7+ Bxf7 37. Bd8 h5 38. Bxb6 a4 39. Kh2
h4 40. Kh3 Be6+ 41. Kxh4 Bd7 42. Rc7 Kg6 43. Rxd7 Kf5 44. g4+ Ke5 45. g5 Ke4
46. g6 Kf3 47. g7 Ke2 48. g8=Q Kf1 49. Rd1+ Ke2 50. Rb1 Kd2 51. Qd5+ Ke2 52.
Qe4+ Kd2 53. Qe3+ Kc2 54. Qc1+ Kd3 55. Qd1+ Ke4 56. Rb4+ Ke5 57. Qd4+ Ke6 58.
Qe4+ Kf6 59. Bd8+ Kf7 60. Rb7+ Kf8 61. Qf5+ Ke8 62. Qd7+ Kf8 63. Qf7# 1-0

[Event "Junior Online 4NCL Division 2"]
[Site "online"]
[Date "2020.10.01"]
[Round "4.148"]
[White "Dewis, Oliver"]
[Black "Lukhi, Neev"]
[Result "0-1"]
[WhiteElo "1075"]
[BlackElo "1003"]
[PlyCount "54"]
[EventDate "2020.10.01"]
[WhiteTeam "SASCA Sharks"]
[BlackTeam "Phones Juniors A"]

1. d4 Nf6 2. c4 g6 3. Nd2 Bg7 4. Ngf3 d6 5. e4 O-O 6. Bd3 Bg4 7. O-O Nc6 8. d5
Nd4 9. b3 Qd7 10. Bb2 Nxf3+ 11. Nxf3 c6 12. Be2 Nxe4 13. Qd4 Bxd4 14. Bxd4 Bxf3
15. Bxf3 Nd2 16. Rfe1 Nxf3+ 17. gxf3 Rfe8 18. Re2 e5 19. Be3 f5 20. Bh6 f4 21.
Bg5 Qf5 22. Bh4 Qd3 23. Kf1 e4 24. Rae1 exf3 25. Bg5 Rxe2 26. Rxe2 Qxe2+ 27.
Kg1 Qe1# 0-1

[Event "Junior Online 4NCL Division 2"]
[Site "online"]
[Date "2020.10.01"]
[Round "4.151"]
[White "Lievens, Karel"]
[Black "Kuang, Felix"]
[Result "1/2-1/2"]
[WhiteElo "1416"]
[BlackElo "1315"]
[PlyCount "63"]
[EventDate "2020.10.01"]
[WhiteTeam "St Benildus"]
[BlackTeam "Warwickshire Bears E"]

1. e4 e5 2. Nf3 Nc6 3. Nc3 Nf6 4. d4 exd4 5. Nxd4 d6 6. Bb5 Bd7 7. Bxc6 Bxc6 8.
Qd3 h6 9. Bd2 Qd7 10. f3 Be7 11. Nf5 g6 12. Nd4 O-O-O 13. O-O-O d5 14. Nxc6
Qxc6 15. exd5 Nxd5 16. Nxd5 Rxd5 17. Qc3 Qxc3 18. Bxc3 Rxd1+ 19. Rxd1 Rd8 20.
Rxd8+ Kxd8 21. Kd2 Kd7 22. Kd3 Kd6 23. Bd2 h5 24. Bb4+ c5 25. Bd2 Kd5 26. Be3
c4+ 27. Kd2 b6 28. b3 Bc5 29. Bxc5 Kxc5 30. Kc3 b5 31. bxc4 bxc4 32. a3 1/2-1/2

[Event "Junior Online 4NCL Division 2"]
[Site "online"]
[Date "2020.10.01"]
[Round "4.152"]
[White "Madoc, Arthur"]
[Black "Liu, Wenle"]
[Result "0-1"]
[WhiteElo "1285"]
[BlackElo "1162"]
[PlyCount "64"]
[EventDate "2020.10.01"]
[WhiteTeam "Warwickshire Bears E"]
[BlackTeam "St Benildus"]

1. e4 e5 2. Nf3 Nc6 3. Bc4 Bc5 4. d3 h6 5. O-O d6 6. h3 Nf6 7. Be3 Bb6 8. Bxb6
axb6 9. a3 Be6 10. Ba2 O-O 11. b4 Bxa2 12. Rxa2 Nxb4 13. Ra1 Nc6 14. d4 exd4
15. Nxd4 Nxe4 16. Nxc6 bxc6 17. Re1 Nxf2 18. Kxf2 Qf6+ 19. Kg1 Qxa1 20. Nd2
Qxd1 21. Rxd1 Rxa3 22. Nc4 Rc3 23. Nd2 Rxc2 24. Nf3 b5 25. Rd3 c5 26. Ne1 Rc1
27. Kf2 Re8 28. Nf3 Rc2+ 29. Kg1 c4 30. Rd4 b4 31. Rd5 b3 32. Rb5 b2 0-1

[Event "Junior Online 4NCL Division 2"]
[Site "online"]
[Date "2020.10.01"]
[Round "4.153"]
[White "Bueckert, Diana"]
[Black "Vaidyanathan, Sathya"]
[Result "1-0"]
[WhiteElo "965"]
[BlackElo "1285"]
[PlyCount "115"]
[EventDate "2020.10.01"]
[WhiteTeam "St Benildus"]
[BlackTeam "Warwickshire Bears E"]

1. d4 d5 2. Nf3 Nc6 3. c4 dxc4 4. e3 Bf5 5. Bxc4 Nf6 6. O-O e6 7. Nc3 Bb4 8.
Bd2 Bxc3 9. Bxc3 a6 10. a4 Ne4 11. Qb3 Nxc3 12. Qxc3 O-O 13. Rfe1 Re8 14. e4
Bg4 15. d5 exd5 16. exd5 Bxf3 17. Qxf3 Ne5 18. Qc3 Nxc4 19. Rxe8+ Qxe8 20. Qxc4
c6 21. dxc6 Qxc6 22. Qxc6 bxc6 23. Rc1 Rc8 24. b4 h6 25. b5 axb5 26. axb5 c5
27. Kf1 c4 28. Ke2 Rb8 29. Rb1 Re8+ 30. Kd2 Rc8 31. Kc3 f5 32. b6 Rb8 33. Kxc4
Kf7 34. b7 Ke7 35. Kc5 Kd7 36. Kb6 Kd8 37. Ka7 Kc7 38. Rc1+ Kd6 39. Kxb8 Ke5
40. Kc8 g5 41. b8=Q+ Ke4 42. Rc4+ Kd5 43. Qb5+ Kd6 44. Rc6+ Ke7 45. Qb7+ Kf8
46. Rf6+ Kg8 47. Qf7+ Kh8 48. Qf8+ Kh7 49. Rf7+ Kg6 50. Qg8+ Kh5 51. Rxf5 Kg4
52. Rf8 Kh4 53. g3+ Kh3 54. f4 Kxh2 55. fxg5 Kxg3 56. gxh6+ Kh2 57. Rf2+ Kh1
58. Qg2# 1-0

[Event "Junior Online 4NCL Division 2"]
[Site "online"]
[Date "2020.10.01"]
[Round "4.154"]
[White "Guha, Anuraag"]
[Black "Gubala, Max"]
[Result "0-1"]
[WhiteElo "1277"]
[BlackElo "700"]
[PlyCount "124"]
[EventDate "2020.10.01"]
[WhiteTeam "Warwickshire Bears E"]
[BlackTeam "St Benildus"]

1. e4 c5 2. Nc3 Nc6 3. Bc4 e6 4. Nf3 Nge7 5. d3 d5 6. exd5 exd5 7. Bb3 g6 8.
O-O Bg7 9. Bd2 O-O 10. Re1 d4 11. Nd5 Nxd5 12. Ng5 Bh6 13. Nxf7 Rxf7 14. Bxh6
Re7 15. Bxd5+ Qxd5 16. Rxe7 Nxe7 17. h3 Nf5 18. Bf4 Nh4 19. f3 Bxh3 20. gxh3
Nxf3+ 21. Kf2 Nh4 22. Qg4 Nf5 23. Re1 Kg7 24. Be5+ Kf7 25. b3 Re8 26. c4 dxc3
27. Bxc3 Rxe1 28. Bxe1 Qxd3 29. Qa4 Qe3+ 30. Kg2 Qxe1 31. Qc4+ Qe6 32. Qxc5
Qe2+ 33. Kg1 Qe3+ 34. Qxe3 Nxe3 35. Kf2 Nc2 36. Ke2 Kf6 37. Kd3 Nb4+ 38. Kc3
Nxa2+ 39. Kc4 Kg5 40. Kd5 Kh4 41. Kd6 Kxh3 42. Kc7 g5 43. Kxb7 g4 44. Kxa7 g3
45. Ka6 g2 46. Kb6 g1=Q+ 47. Kc6 Qa7 48. Kd5 Nb4+ 49. Kc4 Nc6 50. b4 Nxb4 51.
Kxb4 Qc7 52. Kb5 Kg3 53. Kb4 Qc6 54. Kb3 Qc5 55. Kb2 Qc4 56. Ka3 Qb5 57. Ka2
Qb4 58. Ka1 Kf3 59. Ka2 Ke3 60. Ka1 Kd3 61. Ka2 Kc2 62. Ka1 Qb2# 0-1

[Event "Junior Online 4NCL Division 2"]
[Site "online"]
[Date "2020.10.01"]
[Round "4.155"]
[White "Kuang, Felix"]
[Black "Lievens, Karel"]
[Result "1/2-1/2"]
[WhiteElo "1315"]
[BlackElo "1416"]
[PlyCount "109"]
[EventDate "2020.10.01"]
[WhiteTeam "Warwickshire Bears E"]
[BlackTeam "St Benildus"]

1. e4 e5 2. Nf3 Nc6 3. Bc4 Nf6 4. d3 Bc5 5. Nc3 a6 6. Bg5 h6 7. Bh4 g5 8. Bg3
d6 9. h3 Nh5 10. Bh2 Nf4 11. Bxf4 exf4 12. Qd2 Ne5 13. Nxe5 dxe5 14. O-O-O Be6
15. Bxe6 fxe6 16. Rhg1 Qd4 17. Rdf1 O-O-O 18. Ne2 Qa4 19. a3 Bb4 20. Qxb4 Qc6
21. Nc3 Rd4 22. Qb3 Rhd8 23. g3 Rg8 24. Ne2 Rd7 25. gxf4 exf4 26. f3 Rgd8 27.
Rd1 e5 28. Rg4 Qg6 29. h4 Qh5 30. Rh1 Qg6 31. hxg5 hxg5 32. Rhg1 Qc6 33. Kb1
Qc5 34. d4 exd4 35. Rxg5 Qd6 36. Rd5 Qe7 37. Nxd4 Rxd5 38. exd5 Qc5 39. Ne6
Qxg1+ 40. Ka2 Rd6 41. c4 Qe3 42. a4 Kd7 43. Ka3 Qxb3+ 44. Kxb3 c6 45. Nxf4 Rf6
46. Ne2 Rxf3+ 47. Kb4 Rf2 48. Nd4 Rxb2+ 49. Kc3 Ra2 50. Kb3 Rh2 51. Kb4 Rh4 52.
Kc5 cxd5 53. cxd5 Rh5 54. a5 Rh4 55. Nb3 1/2-1/2

[Event "Junior Online 4NCL Division 2"]
[Site "online"]
[Date "2020.10.01"]
[Round "4.156"]
[White "Liu, Wenle"]
[Black "Madoc, Arthur"]
[Result "1-0"]
[WhiteElo "1162"]
[BlackElo "1285"]
[PlyCount "35"]
[EventDate "2020.10.01"]
[WhiteTeam "St Benildus"]
[BlackTeam "Warwickshire Bears E"]

1. e4 b6 2. d4 Bb7 3. Nc3 Nf6 4. Bd3 d5 5. e5 Ne4 6. Nf3 Nxc3 7. bxc3 e6 8. Bg5
Qd7 9. O-O Be7 10. Bf4 O-O 11. Ng5 h6 12. Nh7 Re8 13. Bxh6 gxh6 14. Nf6+ Bxf6
15. exf6 Rd8 16. Qg4+ Kf8 17. Qg7+ Ke8 18. Qg8# 1-0

[Event "Junior Online 4NCL Division 2"]
[Site "online"]
[Date "2020.10.01"]
[Round "4.157"]
[White "Vaidyanathan, Sathya"]
[Black "Bueckert, Diana"]
[Result "0-1"]
[WhiteElo "1285"]
[BlackElo "965"]
[PlyCount "110"]
[EventDate "2020.10.01"]
[WhiteTeam "Warwickshire Bears E"]
[BlackTeam "St Benildus"]

1. e4 e6 2. d4 d5 3. exd5 exd5 4. Nf3 Nf6 5. Nc3 c5 6. dxc5 Bxc5 7. Bd3 O-O 8.
O-O h6 9. h3 Nc6 10. a3 Re8 11. Bf4 Ne4 12. Bxe4 dxe4 13. Qxd8 Nxd8 14. Nd2 f5
15. b4 Bd4 16. Ndb1 Be6 17. Be3 Be5 18. f4 exf3 19. Rxf3 Nc6 20. Bf4 Bd4+ 21.
Be3 Bxe3+ 22. Rxe3 Nd4 23. Rxe6 Rxe6 24. Ra2 Ne2+ 25. Nxe2 Rxe2 26. Nc3 Re1+
27. Kf2 Re7 28. Nd5 Rd7 29. Nf4 Rc8 30. Ke3 g5 31. Nd3 f4+ 32. Kf3 Re8 33. Nc5
Re3+ 34. Kf2 Rd2+ 35. Kf1 b6 36. Nd3 Rexd3 37. cxd3 Rxa2 38. d4 Rd2 39. d5 Rxd5
40. a4 b5 41. a5 a6 42. Ke2 Rd4 43. Kf3 Rxb4 44. g3 fxg3 45. Kxg3 Ra4 46. h4
gxh4+ 47. Kh3 Kg7 48. Kh2 Kg6 49. Kh3 Kg5 50. Kh2 Kg4 51. Kh1 Ra2 52. Kg1 Kg3
53. Kf1 h3 54. Ke1 h2 55. Kd1 h1=Q# 0-1

[Event "Junior Online 4NCL Division 2"]
[Site "online"]
[Date "2020.10.01"]
[Round "4.158"]
[White "Gubala, Max"]
[Black "Guha, Anuraag"]
[Result "1/2-1/2"]
[WhiteElo "700"]
[BlackElo "1277"]
[PlyCount "88"]
[EventDate "2020.10.01"]
[WhiteTeam "St Benildus"]
[BlackTeam "Warwickshire Bears E"]

1. c4 e5 2. Nc3 Nc6 3. Nf3 Nf6 4. d3 d6 5. Bg5 Be7 6. e3 O-O 7. Be2 Bg4 8. h3
Bh5 9. Bxf6 Bxf6 10. Nd2 Bg6 11. O-O Re8 12. Bh5 Bxh5 13. Qxh5 g6 14. Qe2 Nb4
15. Nde4 Be7 16. a3 Nc6 17. Nd5 f5 18. Nxe7+ Qxe7 19. Nc3 e4 20. d4 Rad8 21.
Nd5 Qf7 22. Nc3 Na5 23. d5 c6 24. Rfd1 cxd5 25. Nxd5 Nc6 26. b3 Ne5 27. Rac1
Nd7 28. a4 Nc5 29. Rc3 g5 30. Nb4 f4 31. exf4 Qxf4 32. Nd5 Qe5 33. Re3 Kg7 34.
Rd4 Qxd4 35. Qg4 h6 36. b4 Ne6 37. Qf5 Qe5 38. Qxe5+ dxe5 39. Rxe4 Rc8 40. Rxe5
Rxc4 41. Ne3 Rc6 42. b5 Rd6 43. Nf5+ Kf6 44. Nxd6 Rd8 1/2-1/2

[Event "Junior Online 4NCL Division 2"]
[Site "online"]
[Date "2020.10.01"]
[Round "4.162"]
[White "Eradi, Madhav"]
[Black "Parikh, Naavya"]
[Result "0-1"]
[WhiteElo "1292"]
[BlackElo "1420"]
[PlyCount "24"]
[EventDate "2020.10.01"]
[WhiteTeam "Leicestershire Juniors 2"]
[BlackTeam "Harrow Juniors B"]

1. e4 e5 2. Nf3 Nc6 3. Bc4 Nf6 4. Ng5 Nxe4 5. Nxf7 Qh4 6. Qf3 Nd4 7. Qd3 Qxf2+
8. Kd1 Qxg2 9. Rf1 d5 10. Bxd5 Bg4+ 11. Ke1 Nxc2+ 12. Qxc2 Qe2# 0-1

[Event "Junior Online 4NCL Division 2"]
[Site "online"]
[Date "2020.10.01"]
[Round "4.163"]
[White "Jayakumar, Bharath"]
[Black "Cimurs, Alexander"]
[Result "1-0"]
[WhiteElo "1427"]
[BlackElo "1292"]
[PlyCount "81"]
[EventDate "2020.10.01"]
[WhiteTeam "Harrow Juniors B"]
[BlackTeam "Leicestershire Juniors 2"]

1. e4 e5 2. Nf3 Nc6 3. d4 f6 4. dxe5 fxe5 5. Bg5 Nf6 6. Nc3 Bb4 7. Bc4 Bxc3+ 8.
bxc3 d6 9. h3 Bd7 10. Rb1 b6 11. Bb5 O-O 12. Bxf6 Rxf6 13. Qd5+ Kf8 14. Bxc6
Bxc6 15. Qxc6 a5 16. Qd5 Qd7 17. Qxa8+ Kf7 18. Qd5+ Ke7 19. Rd1 h6 20. Nxe5 Qc8
21. Nc6+ Kf8 22. Na7 Qd8 23. Nc6 Qc8 24. O-O Qd7 25. Ne5 Qd8 26. Ng4 Rf4 27. f3
h5 28. Ne5 Qf6 29. Nd7+ Ke7 30. Nxf6 Rxf6 31. Qxh5 Rh6 32. Qg5+ Kf7 33. Qf5+
Rf6 34. Qd7+ Kg6 35. f4 c5 36. f5+ Kh6 37. g4 g5 38. fxg6 d5 39. Rxf6 dxe4 40.
Qh7+ Kg5 41. Rf5# 1-0

[Event "Junior Online 4NCL Division 2"]
[Site "online"]
[Date "2020.10.01"]
[Round "4.164"]
[White "Shen, Alex"]
[Black "Evans, Daniel"]
[Result "0-1"]
[WhiteElo "1195"]
[BlackElo "1217"]
[PlyCount "136"]
[EventDate "2020.10.01"]
[WhiteTeam "Leicestershire Juniors 2"]
[BlackTeam "Harrow Juniors B"]

1. e4 c6 2. Nf3 d5 3. exd5 cxd5 4. Bb5+ Bd7 5. Bxd7+ Nxd7 6. Nc3 Ngf6 7. d4 e6
8. Bg5 h6 9. Bxf6 Nxf6 10. O-O Qd7 11. Qe2 Bd6 12. Ne5 Bxe5 13. dxe5 Nh7 14.
Rad1 O-O 15. Rfe1 a6 16. Qd3 Rac8 17. b3 Rc6 18. Qd2 Rfc8 19. Ne2 Rxc2 20. Qd3
Rxa2 21. Ra1 Rac2 22. Rec1 Rxc1+ 23. Rxc1 Rxc1+ 24. Nxc1 Qb5 25. Qxb5 axb5 26.
Kf1 f6 27. exf6 Nxf6 28. Ke2 Kf7 29. Nd3 Ng4 30. h3 Nf6 31. Ne5+ Ke7 32. Kf3
Kd6 33. Nf7+ Kc5 34. Ke3 Kb4 35. Nd6 Kxb3 36. Nxb5 Kb4 37. Nd6 b5 38. Kd4 Nd7
39. f4 Ka4 40. Kc3 b4+ 41. Kb2 Nc5 42. f5 exf5 43. Nxf5 Nd3+ 44. Kc2 b3+ 45.
Kxd3 Ka3 46. Nxg7 b2 47. Kd4 b1=Q 48. Kxd5 Qb3+ 49. Ke4 Qc2+ 50. Kf4 Qxg2 51.
Ke5 Qb2+ 52. Kf4 Qxg7 53. h4 h5 54. Kf5 Qg4+ 55. Ke5 Qxh4 56. Ke6 Qg5 57. Kf7
Qh6 58. Kg8 Qf6 59. Kh7 Kb4 60. Kg8 Kc5 61. Kh7 Kd6 62. Kg8 Ke5 63. Kh7 Kf5 64.
Kg8 Kg5 65. Kh7 Qf7+ 66. Kh8 Qa7 67. Kg8 Kg6 68. Kh8 Qh7# 0-1